000 00793nam a2200229Ia 4500
003 OSt
005 20220925202841.0
006 a|||||r|||| 00| 0
007 ta
008 220923b |||||||| |||| 00| 0 eng d
037 _cGeneral Book
040 _aRTL
_cRTL
_beng
041 _2eng
_aeng
082 _aX:327.20k42.N8, M3/Th
100 _aMunish Kumar
_9264481
245 0 _aInternational transfer of technology of India
_b A c
260 _aDelhi
_bUniversity of Delhi
_c1983
300 _a287p Bibliography: P
_ccm.
490 _aUniversity of Delhi, Commerce and Business (Faculty of-), Thesis. Thesis, University of Delhi, Commerce and Business (Faculty of-
942 _hX:327.20k42.N8, M3/Th
_cGB
_2CC
999 _c544375
_d544375